Online
Catalog

Ensayos sobre música / (Record no. 47024)

MARC details
000 -CABECERA
campo de control de longitud fija 03380nam a2200313 i 4500
001 - NÚMERO DE CONTROL
campo de control 000047536
003 - IDENTIFICADOR DEL NÚMERO DE CONTROL
campo de control DO-SdBNP
005 - FECHA Y HORA DE LA ÚLTIMA TRANSACCIÓN
campo de control 20250821141625.0
007 - CAMPO FIJO DE DESCRIPCIÓN FÍSICA--INFORMACIÓN GENERAL
campo de control de longitud fija ta
008 - DATOS DE LONGITUD FIJA--INFORMACIÓN GENERAL
campo de control de longitud fija 180621s2001 dr a 000 spa d
020 ## - NÚMERO INTERNACIONAL ESTÁNDAR DEL LIBRO
Número Internacional Estándar del Libro 9993430285
040 ## - FUENTE DE LA CATALOGACIÓN
Centro catalogador/agencia de origen DO-SdBNP
Lengua de catalogación spa
Centro/agencia transcriptor BNPHU
Normas de descripción rda
041 ## - CÓDIGO DE LENGUA
Código de lengua del texto/banda sonora o título independiente spa
082 #4 - NÚMERO DE LA CLASIFICACIÓN DECIMAL DEWEY
Número de clasificación 780.15
Número de documento/Ítem V718e
Número de edición 22
100 ## - ENTRADA PRINCIPAL--NOMBRE DE PERSONA
Nombre de persona Villanueva, Rafael,
Término indicativo de función/relación autor
Código de función/relación aut.
9 (RLIN) 46550
245 10 - MENCIÓN DE TÍTULO
Título Ensayos sobre música /
Mención de responsabilidad, etc. Rafael Villanueva ; edición, Ana Rosa Sosa Vda. Villanueva ; prólogo, Julio de Windt
264 #1 - PRODUCCIÓN, PUBLICACIÓN, DISTRIBUCIÓN, FABRICACIÓN Y COPYRIGHT
Producción, publicación, distribución, fabricación y copyright Santo Domingo :
Nombre del de productor, editor, distribuidor, fabricante Banco Central de la República Dominicana,
Fecha de producción, publicación, distribución, fabricación o copyright 2001.
300 ## - DESCRIPCIÓN FÍSICA
Extensión 392 páginas :
Otras características físicas ilustraciones ;
Dimensiones 24 cm.
336 ## - TIPO DE CONTENIDO
Término de tipo de contenido texto
Código de tipo de contenido txt
Fuente rdacontent
337 ## - TIPO DE MEDIO
Nombre/término del tipo de medio sin mediación
Código del tipo de medio n
Fuente rdamedia
338 ## - TIPO DE SOPORTE
Nombre/término del tipo de soporte volumen
Código del tipo de soporte nc
Fuente rdacarrier
505 ## - NOTA DE CONTENIDO CON FORMATO
Nota de contenido con formato Rafael Villanueva (1947-1995) 11 -- Presentación - Teo Veras 13 -- Prólogo - Julio De Windt 15 -- La interpretación musical 21 -- Sobre la música sacra 26 -- La misa como forma musical 32 -- El oratorio 39 -- La pasión en la música sacra 45 -- Las pasiones de J. S. Bach 50 -- Giovanni Pierluigi da Palestrina 56 -- Claudio Monteverdi 62 -- Francois Couperin El Grande 68 -- Las Sonatas y partitas para violín de J. S. Bach 74 -- Las suites inglesas y francesas de J. S. Bach 78 -- G. F. Handel y El Mesías 82 -- Dos visiones del barroco 90 -- Haydn, París... y Bernstein 96 -- Wolfgang Amadeus Mozart 103 -- Mozart y la Sinfónica 108 -- Mozart visto por otros ojos 115 -- Mozart y el cuarteto para cuerdas 121 -- Los quintetos para cuerdas de W. A. Mozart 125 -- Los conciertos para piano y orquesta de Mozart 130 -- W. A. Mozart : una cronología 135 -- El concierto 141 -- Las sinfonías de Beethoven y la tradición 147 -- Las sinfonías de Beethoven y la musicología 152 -- Harnoncourt dirige las sinfonías de Beethoven 158 -- Beethoven y sus trios para piano y cuerdas 164 -- Los últimos cuartetos de Beethoven 169 -- Schubert, el desconocido 175 -- Félix Mendelssohn 182 -- Kempff interpreta a Schumann 187 -- Schumann y Brahms y sus cuartetos para cuerdas 194 -- La música para piano y Johannes Brahms 200 -- Héctor Berlioz 205 -- El virtuosismo 211 -- La multiplicidad de Franz Liszt 217 -- Saint-Saens y los problemas de la sinfonía romántica 229 -- Anton Bruckner 235 -- Los 150 años de la Filarmónica de Viena 239 -- La dinastía Strauss 248 -- Actualidad de Tchaikovsky 256 -- Los ballets de P. I. Tchaikovsky 263 -- España en su música para piano 269 -- Las obras orquestales de R. Strauss 273 -- Gustav Mahler, nuestro contemporáneo 278 -- Edvard Grieg 290 -- Rimsky-Korsakov y el arte de la orquestación 294 -- Sergei Rachmaninoff 300 -- Las sinfonías de Jean Sibelius 305 -- La música de cámara de Gabriel Fauré 310 -- Sergie Prokofiev 314 -- La música para piano de Maurice Ravel 319 -- Las sinfonías de Carl Nielsen 325 -- Paul Hindemith y su música de cámara 331 -- Leonard Bernstein 337 -- Claudio Arrau 343 -- El arte de dirigir la orquesta 348 -- Los Grandes directores: Wilhelm Furtwangler 365 -- Arturo Toscanini 372 -- Bruno Walter 379 -- Otto Klemperer 386
590 ## - NOTA LOCAL (RLIN)
Nota local Inventariado,2018/DG
650 #4 - PUNTO DE ACCESO ADICIONAL DE MATERIA--TÉRMINO DE MATERIA
Término de materia o nombre geográfico como elemento de entrada Música orquestal
Subdivisión general Historia y crítica - Hasta S. XX
9 (RLIN) 86768
700 1# - PUNTO DE ACCESO ADICIONAL--NOMBRE DE PERSONA
Nombre de persona Sosa Vda. Villanueva, Ana Rosa,
Término indicativo de función/relación editor
Código de función/relación ed.
9 (RLIN) 88521
700 1# - PUNTO DE ACCESO ADICIONAL--NOMBRE DE PERSONA
Nombre de persona De Windt, Julio,
Término indicativo de función/relación prologuista
Código de función/relación pr.
9 (RLIN) 88522
910 ## - DATOS DE OPCIÓN DEL USUARIO (OCLC)
Datos de opción del usuario DG
942 ## - ELEMENTOS DE PUNTO DE ACCESO ADICIONAL (KOHA)
Fuente del sistema de clasificación o colocación Dewey Decimal Classification
Tipo de ítem Koha Libro
Holdings
Estado de retiro Estado de pérdida Fuente del sistema de clasificación o colocación Restricciones de uso No para préstamo Código de colección Localización permanente Ubicación/localización actual Ubicación en estantería Fecha de adquisición Total de préstamos Signatura topográfica completa Código de barras Fecha visto por última vez Precio válido a partir de Tipo de ítem Koha Fuente de adquisición Número de copia Nota pública
    Dewey Decimal Classification Excluido de préstamo   Patrimonio Dominicano Biblioteca Nacional Pedro Henríquez Ureña Biblioteca Nacional Pedro Henríquez Ureña En catalogación 21.06.2018   BNPHU PD 780.15 V718e 47536-10 25.06.2020 25.06.2020 Libro      
    Dewey Decimal Classification Excluido de préstamo   Patrimonio Dominicano Biblioteca Nacional Pedro Henríquez Ureña Biblioteca Nacional Pedro Henríquez Ureña En catalogación 28.10.2024   BNPHU PD 780.15 V718e 2024-6185 28.10.2024 28.10.2024 Libro Donado por la Presidencia de la República Dominicana 2023 e.2 Pertenecio a la biblioteca personal de Emilio Cordero Michel
    Dewey Decimal Classification Préstamo en sala   Dominicana de Servicio Biblioteca Nacional Pedro Henríquez Ureña Biblioteca Nacional Pedro Henríquez Ureña En catalogación 21.08.2025   BNPHU DS 780.15 V718e 2025-8656 21.08.2025 21.08.2025 Libro Donado por Santiago Elmúdesi Porcella e.3  
    Dewey Decimal Classification Préstamo en sala   Dominicana de Servicio Biblioteca Nacional Pedro Henríquez Ureña Biblioteca Nacional Pedro Henríquez Ureña En catalogación 21.08.2025   BNPHU DS 780.15 V718e 2025-8657 21.08.2025 21.08.2025 Libro Donado por Nelson A. Báez e.4  

Powered by Koha